Silnoprúdové káble na menovité napätia od 0,6/1 (1,2) kV do 18/30 (36) kV odolné proti ohňu so špeciálnou úpravou na použitie v elektrárňach. Zmena A2 : STN 34 7407/A2

Gespeichert in:
Bibliographische Detailangaben
Format: Buch
Sprache:Englisch
Veröffentlicht: Brusel : Cenelec, 2005
Tags: Tag hinzufügen
Keine Tags, Fügen Sie das erste Tag hinzu!

MARC

LEADER 00000nam a22000003a 4500
001 0082631
003 SK-STU
005 20200803123157.7
007 ta
008 200803s ----xo-----e------000-0-----d
040 |a STU  |b slo 
041 0 |a eng 
044 |a be 
245 1 0 |a Silnoprúdové káble na menovité napätia od 0,6/1 (1,2) kV do 18/30 (36) kV odolné proti ohňu so špeciálnou úpravou na použitie v elektrárňach. Zmena A2 :  |b STN 34 7407/A2 
260 |a Brusel :  |b Cenelec,  |c 2005 
996 |b 284EO00533  |c E*O-533  |l EE32  |s P  |a 0  |w 0082631_0001